00593aam a2200217 450000500170000000800410001702000130005804100080007108200210007910000260010024500730012626000150019926000270021426000090024130000190025050500350026965000170030465000160032165000150033765000230035220240628173709.0150629b2009 cr ||||| |||| 00| 0 spa d a99689514 aESP a581.972.86 V297v aVargas Ulate, Gilbert aLa vegetación de Costa Rica: un estudio geográfico y ecológico aCosta Rica bLibreria Alma Máter  c2009 a163 páginas  aContiene ilustraciones, mapas  aVEGETACIÓN aGEOGRAFÍA aECOLOGÍA aRECURSOS NATURALES